<?xml version="1.0" encoding="UTF-8"?>
<record
    xmlns:xsi="http://www.w3.org/2001/XMLSchema-instance"
    xsi:schemaLocation="http://www.loc.gov/MARC21/slim http://www.loc.gov/standards/marcxml/schema/MARC21slim.xsd"
    xmlns="http://www.loc.gov/MARC21/slim">

  <leader>00387nam a22001457a 4500</leader>
  <controlfield tag="005">20260105150959.0</controlfield>
  <controlfield tag="008">260105b        |||||||| |||| 00| 0 eng d</controlfield>
  <datafield tag="020" ind1=" " ind2=" ">
    <subfield code="a">978-178135339-4</subfield>
  </datafield>
  <datafield tag="100" ind1=" " ind2=" ">
    <subfield code="a">BEERE, JACKIE</subfield>
  </datafield>
  <datafield tag="245" ind1=" " ind2=" ">
    <subfield code="a">TEACHING AND LEARNING</subfield>
  </datafield>
  <datafield tag="260" ind1=" " ind2=" ">
    <subfield code="a">WALES</subfield>
    <subfield code="b">INDEPENDENT THINKING PRESS</subfield>
    <subfield code="c">2020</subfield>
  </datafield>
  <datafield tag="300" ind1=" " ind2=" ">
    <subfield code="a">VIII, 218P.</subfield>
  </datafield>
  <datafield tag="650" ind1=" " ind2=" ">
    <subfield code="a">1. TEACHING 2. LEARNING</subfield>
  </datafield>
  <datafield tag="942" ind1=" " ind2=" ">
    <subfield code="2">lcc</subfield>
    <subfield code="c">BK</subfield>
  </datafield>
  <datafield tag="999" ind1=" " ind2=" ">
    <subfield code="c">216399</subfield>
    <subfield code="d">216399</subfield>
  </datafield>
  <datafield tag="952" ind1=" " ind2=" ">
    <subfield code="0">0</subfield>
    <subfield code="1">0</subfield>
    <subfield code="2">lcc</subfield>
    <subfield code="4">0</subfield>
    <subfield code="6">LB10253 B44  02020</subfield>
    <subfield code="7">0</subfield>
    <subfield code="8">ARTS</subfield>
    <subfield code="9">374203</subfield>
    <subfield code="a">KSUL</subfield>
    <subfield code="b">KSUL</subfield>
    <subfield code="c">DISPLAY</subfield>
    <subfield code="d">2026-01-05</subfield>
    <subfield code="i">110674</subfield>
    <subfield code="l">0</subfield>
    <subfield code="o">LB 1025.3 .B44 2020</subfield>
    <subfield code="p">000000002132</subfield>
    <subfield code="r">2026-01-05 15:12:00</subfield>
    <subfield code="t">C.1</subfield>
    <subfield code="w">2026-01-05</subfield>
    <subfield code="y">BK</subfield>
  </datafield>
  <datafield tag="952" ind1=" " ind2=" ">
    <subfield code="0">0</subfield>
    <subfield code="1">0</subfield>
    <subfield code="2">lcc</subfield>
    <subfield code="4">0</subfield>
    <subfield code="6">LB10253 B44  02020</subfield>
    <subfield code="7">0</subfield>
    <subfield code="8">ARTS</subfield>
    <subfield code="9">374204</subfield>
    <subfield code="a">KSUL</subfield>
    <subfield code="b">KSUL</subfield>
    <subfield code="c">DISPLAY</subfield>
    <subfield code="d">2026-01-05</subfield>
    <subfield code="i">110675</subfield>
    <subfield code="l">0</subfield>
    <subfield code="o">LB 1025.3 . B44 2020</subfield>
    <subfield code="p">000000002131</subfield>
    <subfield code="r">2026-01-05 15:12:00</subfield>
    <subfield code="t">C.2</subfield>
    <subfield code="w">2026-01-05</subfield>
    <subfield code="y">BK</subfield>
  </datafield>
  <datafield tag="952" ind1=" " ind2=" ">
    <subfield code="0">0</subfield>
    <subfield code="1">0</subfield>
    <subfield code="2">lcc</subfield>
    <subfield code="4">0</subfield>
    <subfield code="6">LB10253 B44  02020</subfield>
    <subfield code="7">0</subfield>
    <subfield code="8">ARTS</subfield>
    <subfield code="9">374205</subfield>
    <subfield code="a">KSUL</subfield>
    <subfield code="b">KSUL</subfield>
    <subfield code="c">DISPLAY</subfield>
    <subfield code="d">2026-01-05</subfield>
    <subfield code="i">110676</subfield>
    <subfield code="l">0</subfield>
    <subfield code="o">LB 1025.3 . B44 2020</subfield>
    <subfield code="p">000000002130</subfield>
    <subfield code="r">2026-01-05 15:12:00</subfield>
    <subfield code="t">C.3</subfield>
    <subfield code="w">2026-01-05</subfield>
    <subfield code="y">BK</subfield>
  </datafield>
  <datafield tag="952" ind1=" " ind2=" ">
    <subfield code="0">0</subfield>
    <subfield code="1">0</subfield>
    <subfield code="2">lcc</subfield>
    <subfield code="4">0</subfield>
    <subfield code="6">LB10253 B44  02020</subfield>
    <subfield code="7">0</subfield>
    <subfield code="8">ARTS</subfield>
    <subfield code="9">374206</subfield>
    <subfield code="a">KSUL</subfield>
    <subfield code="b">KSUL</subfield>
    <subfield code="c">DISPLAY</subfield>
    <subfield code="d">2026-01-05</subfield>
    <subfield code="i">110677</subfield>
    <subfield code="l">0</subfield>
    <subfield code="o">LB 1025.3 . B44 2020</subfield>
    <subfield code="p">000000002129</subfield>
    <subfield code="r">2026-01-05 15:12:00</subfield>
    <subfield code="t">C.4</subfield>
    <subfield code="w">2026-01-05</subfield>
    <subfield code="y">BK</subfield>
  </datafield>
  <datafield tag="952" ind1=" " ind2=" ">
    <subfield code="0">0</subfield>
    <subfield code="1">0</subfield>
    <subfield code="2">lcc</subfield>
    <subfield code="4">0</subfield>
    <subfield code="6">LB10253 B44  02020</subfield>
    <subfield code="7">0</subfield>
    <subfield code="8">ARTS</subfield>
    <subfield code="9">374207</subfield>
    <subfield code="a">KSUL</subfield>
    <subfield code="b">KSUL</subfield>
    <subfield code="c">DISPLAY</subfield>
    <subfield code="d">2026-01-05</subfield>
    <subfield code="i">110678</subfield>
    <subfield code="l">0</subfield>
    <subfield code="o">LB 1025.3 . B44 2020</subfield>
    <subfield code="p">000000002128</subfield>
    <subfield code="r">2026-01-05 15:12:00</subfield>
    <subfield code="t">C.5</subfield>
    <subfield code="w">2026-01-05</subfield>
    <subfield code="y">BK</subfield>
  </datafield>
</record>
